Железнодорожный транспорт. 1972, 4: Подвижной состав, оборудование и приспособления, используемые восстановительными поездами (Запись № 2037757)

Подробности
000 -МАРКЕР
контрольное поле 01288nam2a22002531 4500
001 - ИДЕНТИФИКАТОР ЗАПИСИ
контрольное поле RU\NLR\INFOCOMM15\1000082641
005 - ИДЕНТИФИКАТОР ВЕРСИИ
контрольное поле 20250617040902.0
035 ## - ДРУГИЕ СИСТЕМНЫЕ НОМЕРА
Идентификатор записи (NLR Aleph) 002435948
100 ## - ДАННЫЕ ОБЩЕЙ ОБРАБОТКИ
Данные общей обработки 20040301d1972 |||y0rusy50 ca
101 0# - ЯЗЫК РЕСУРСА
Язык текста, звукозаписи и т.д. русский
102 ## - СТРАНА ПУБЛИКАЦИИ ИЛИ ПРОИЗВОДСТВА
Страна публикации Российская Федерация
105 ## - ПОЛЕ КОДИРОВАННЫХ ДАННЫХ: ТЕКСТОВЫЕ МАТЕРИАЛЫ, МОНОГРАФИЧЕСКИЕ
Кодированные данные о монографическом текстовом документе y |||||||||
200 1# - ЗАГЛАВИЕ И СВЕДЕНИЯ ОБ ОТВЕТСТВЕННОСТИ
Основное заглавие Подвижной состав, оборудование и приспособления, используемые восстановительными поездами
Сведения, относящиеся к заглавию Реф. информ.
Первые сведения об ответственности Е.П. Шкунов
210 ## - ПУБЛИКАЦИЯ, РАСПРОСТРАНЕНИЕ И ДР.
Дата издания, распространения и т.д. 1972
Место издания, распространения и т.д. Б. м.
461 #0 - УРОВЕНЬ НАБОРА
Встроенное поле 001RU\NLR\INFOCOMM15\1000082637
-- 2001#$aЖелезнодорожный транспорт$iБезопасность движения$fЦНИИ информ., техн.-экон. исслед. и пропаганды ж.-д. трансп.$v1972, 4
Системный номер (АБИС) связанной записи 2037722
Место публикации М.
Дата публикации 1972-1983
Первые сведения об ответственности ЦНИИ информ., техн.-экон. исслед. и пропаганды ж.-д. трансп.
Заглавие части Безопасность движения
Заглавие Железнодорожный транспорт
ISSN 0203-1787
Номер тома 1972, 4
700 #1 - ИМЯ ЛИЦА - ПЕРВИЧНАЯ ОТВЕТСТВЕННОСТЬ
Начальный элемент ввода Шкунов
Часть имени, кроме начального элемента ввода Е.П.
Код отношения Автор
801 #1 - ИСТОЧНИК ЗАПИСИ
Страна Российская Федерация
Организация InfoComm
Дата составления 20040301
801 #0 - ИСТОЧНИК ЗАПИСИ
Страна Российская Федерация
Организация NLR
Правила каталогизации PSBO
852 ## - МЕСТОНАХОЖДЕНИЕ И ШИФР ХРАНЕНИЯ
Идентификатор организации NLR
Шифр хранения (Call Number) П10/4262
942 ## - ДОПОЛНИТЕЛЬНЫЕ ЭЛЕМЕНТЫ ЗАПИСИ (АБИС)
Тип экземпляра АБИС Выпуск
980 ## - КОЛЛЕКЦИЯ
Название коллекции Национальная библиография
980 ## - КОЛЛЕКЦИЯ
Название коллекции Русская периодика

Нет доступных экземпляров.